| 000 | 00593nam a2200229Ia 4500 | ||
|---|---|---|---|
| 005 | 20251121230932.0 | ||
| 008 | 230125s9999 xx 000 0 und d | ||
| 020 | _a978-81-8495-879-9 | ||
| 041 | _aeng | ||
| 082 |
_a158.1 _bXAV |
||
| 100 |
_aXavier G F _9215238 |
||
| 245 | _aThe Worlds Most Inspiring Thoughts | ||
| 250 | _a2nd Ed. | ||
| 260 |
_c2017 _bJaico Publishing House _aMumbai |
||
| 300 |
_a257p _cPaper Back |
||
| 440 | _v2 | ||
| 500 | _aPersonality Development | ||
| 650 |
_aPersonality Development _9213420 |
||
| 700 |
_aXavier G F _9215238 |
||
| 906 | _b27 | ||
| 942 | _cBK | ||
| 999 |
_c95985 _d95985 |
||